000 00519nam a2200217Ia 4500
003 OSt
005 20220928142757.0
006 a|||||r|||| 00| 0
007 ta
008 220927b |||||||| |||| 00| 0 eng d
024 _a20101
037 _cTextual
040 _aSDCL
_cSDCL
_beng
041 _2eng
_aeng
082 _aP152:3, N3
100 _aBrajh Mohan
_9503879
245 0 _aBhasha aur vyavhar.
260 _c1993
942 _hP152:3, N3
_cTEXL
_2CC
999 _c822238
_d822238